Quick Pick: Woman World Leaders Quiz Stats

 Plays Quiz Updated Jul 7, 2017

Support Sporcle.
Go Orange.
Score 0/18 Timer 01:30
0 Plays Today
% Correct
Germany
95.5%
UK
94.3%
Argentina
90.7%
India
88.7%
Australia
87.6%
New Zealand
86.9%
Philippines
85.2%
Denmark
85.2%
Norway
83.9%
% Correct
Brazil
83.9%
Ireland
81.6%
Israel
80.6%
Chile
73.6%
Pakistan
71.9%
Indonesia
60%
Sri Lanka
57.8%
Panama
55.4%
Poland
52.5%

Today's Daily Dose

From the Vault

Famous 'Directed By' Screen Credits

by codename

Movies 10m
If you're a movie buff, you see these names all the time.
Remove Ads.
Support Sporcle.
Get the best of Sporcle when you Go Orange. This ad-free experience offers more features, more stats, and more fun while also helping to support Sporcle. Thank you for becoming a member.

Show Comments

Extras

Top Quizzes Today


Score Distribution

Your Account Isn't Verified!

In order to create a playlist on Sporcle, you need to verify the email address you used during registration. Go to your Sporcle Settings to finish the process.

Report this User

Report this user for behavior that violates our Community Guidelines.

Details: